[Event "Mataro Maresme 6th"]
[Site "Mataro"]
[Date "2013.05.18"]
[Round "8.3"]
[White "Andinach Carrasco, Javier"]
[Black "Villares Galiano, Luis A"]
[Result "1/2-1/2"]
[WhiteElo "2075"]
[BlackElo "2093"]
[PlyCount "71"]
[EventDate "2013.04.06"]
[EventType "swiss"]
[EventRounds "9"]
[EventCountry "ESP"]
[SourceTitle "EXT 2024"]
[Source "ChessBase"]
[SourceDate "2023.10.10"]
[SourceVersion "1"]
[SourceVersionDate "2023.10.10"]
[SourceQuality "1"]

1. d4 Nf6 2. c4 e6 3. Nc3 Bb4 4. Bd2 0-0 5. e3 b6 6. Bd3 Bb7 7. f3 d5 8. cxd5 exd5 9. Nge2 Re8 10. 0-0 a5 11. Qc2 Ba6 12. Rad1 c5 13. a3 c4 14. Bf5 Bf8 15. e4 g6 16. Bh3 Bb7 17. Bg5 Be7 18. e5 Nh5 19. Be3 f5 20. f4 Ng7 21. g3 Bc6 22. g4 Rf8 23. gxf5 Nxf5 24. Bxf5 gxf5 25. Ng3 Qd7 26. Kh1 Kh8 27. Rg1 Na6 28. Nh5 Rg8 29. Rxg8+ Rxg8 30. Rg1 Qe6 31. Rxg8+ Kxg8 32. Qg2+ Qg6 33. Ng3 Kf8 34. Qh3 Bd7 35. Kg1 Nc7 36. Kf2 1/2-1/2

[Event "Mataro Maresme 6th"]
[Site "Mataro"]
[Date "2013.04.14"]
[Round "3.5"]
[White "Santos Ramos, Carlos"]
[Black "Villares Galiano, Luis A"]
[Result "0-1"]
[WhiteElo "2036"]
[BlackElo "2093"]
[PlyCount "46"]
[EventDate "2013.04.06"]
[EventType "swiss"]
[EventRounds "9"]
[EventCountry "ESP"]
[SourceTitle "EXT 2024"]
[Source "ChessBase"]
[SourceDate "2023.10.10"]
[SourceVersion "1"]
[SourceVersionDate "2023.10.10"]
[SourceQuality "1"]

1. d4 b6 2. e4 Bb7 3. Bd3 e6 4. Nf3 d6 5. 0-0 Nd7 6. c4 Ngf6 7. Nc3 a6 8. Bg5 h6 9. Be3 g5 10. h3 e5 11. dxe5 dxe5 12. Qe2 g4 13. hxg4 Nxg4 14. Rfd1 Bd6 15. Nd5 c6 16. Nc3 Qf6 17. g3 Rg8 18. Bc2 Nxe3 19. Qxe3 Bc5 20. Qd2 Rxg3+ 21. Kh2 Rxf3 22. Rf1 Qh4+ 23. Kg2 Qh3+ 0-1

[Event "Mataro Maresme 6th"]
[Site "Mataro"]
[Date "2013.04.06"]
[Round "1.4"]
[White "Ruiz Molina, Gabriel"]
[Black "Villares Galiano, Luis A"]
[Result "1/2-1/2"]
[WhiteElo "2102"]
[BlackElo "2093"]
[PlyCount "42"]
[EventDate "2013.04.06"]
[EventType "swiss"]
[EventRounds "9"]
[EventCountry "ESP"]
[SourceTitle "EXT 2024"]
[Source "ChessBase"]
[SourceDate "2023.10.10"]
[SourceVersion "1"]
[SourceVersionDate "2023.10.10"]
[SourceQuality "1"]

1. d4 Nf6 2. Nf3 e6 3. c4 b6 4. e3 Bb7 5. Bd3 Ne4 6. 0-0 f5 7. b3 d6 8. Bb2 Nd7 9. d5 exd5 10. cxd5 Bxd5 11. Nd4 Qg5 12. Bxe4 fxe4 13. Nb5 0-0-0 14. N1c3 Nf6 15. Qc2 Rd7 16. Rfd1 Bb7 17. Nxa7+ Kb8 18. Nab5 Ng4 19. a4 Qh4 20. h3 Ne5 21. a5 Nd3 1/2-1/2

[Event "Barcelona Ateneu Colon op 7th"]
[Site "Barcelona"]
[Date "2012.04.25"]
[Round "6"]
[White "Sanz Bastos, Fernando"]
[Black "Villares Galiano, Luis A"]
[Result "1/2-1/2"]
[WhiteElo "2058"]
[BlackElo "1970"]
[PlyCount "66"]
[EventDate "2012.03.14"]
[EventType "swiss"]
[EventRounds "9"]
[EventCountry "ESP"]
[SourceTitle "EXT 2013"]
[Source "ChessBase"]
[SourceDate "2012.11.22"]
[SourceVersion "1"]
[SourceVersionDate "2012.11.22"]
[SourceQuality "1"]

1. e4 c5 2. Nc3 Nc6 3. g3 g6 4. Bg2 Bg7 5. d3 d6 6. Be3 e6 7. Qd2 Rb8 8. Nf3 Nd4 9. 0-0 b5 10. Nd1 Nxf3+ 11. Bxf3 e5 12. Bg2 Be6 13. f4 Qd7 14. c3 Rc8 15. Nf2 Ne7 16. d4 f5 17. Rfd1 Qc7 18. fxe5 cxd4 19. cxd4 dxe5 20. d5 Rd8 21. Qb4 a5 22. Qxb5+ Bd7 23. Qb6 Qb8 24. Rab1 a4 25. a3 Qxb6 26. Bxb6 Rb8 27. Bc5 Kf7 28. Bb4 Rhc8 29. Nd3 fxe4 30. Bxe4 Nf5 31. Rf1 Kg8 32. Nc5 Bb5 33. Rf2 Bh6 1/2-1/2

[Event "Sitges op"]
[Site "Sitges"]
[Date "1998.??.??"]
[Round "?"]
[White "Cuijpers, Frans Andre"]
[Black "Villares Galiano, Luis A"]
[Result "1-0"]
[WhiteElo "2420"]
[BlackElo "2025"]
[PlyCount "39"]
[EventDate "1998.??.??"]
[EventType "swiss"]
[EventRounds "9"]
[EventCountry "ESP"]
[SourceTitle "EXT 2003"]
[Source "ChessBase"]
[SourceDate "2002.11.25"]
[SourceVersion "1"]
[SourceVersionDate "2002.11.25"]
[SourceQuality "1"]

1. e4 c5 2. Nf3 e6 3. d4 cxd4 4. Nxd4 a6 5. Bd3 Qc7 6. 0-0 Nc6 7. Nxc6 bxc6 8. f4 Bc5+ 9. Kh1 h5 10. Nd2 Nf6 11. e5 Ng4 12. Ne4 Ba7 13. c4 Ne3 14. Bxe3 Bxe3 15. Nd6+ Ke7 16. f5 Bb7 17. fxe6 fxe6 18. Qf3 Bc5 19. Qf7+ Kd8 20. Qxg7 1-0